| 000 | 00551nam a2200193 a 4500 | ||
|---|---|---|---|
| 001 | 5924 | ||
| 003 | CDMR | ||
| 005 | 20131009134140.0 | ||
| 008 | 130220s1967||||||||||||||||||||||||||||d | ||
| 040 |
_aCDMR _bcat _cCDMR |
||
| 100 | 1 |
_aGaziel _949 |
|
| 245 | 1 | 0 |
_aMemòries _b: història d'un destí, 1893-1914 : tots els camins duen a Roma _cGaziel |
| 250 | _a4a ed | ||
| 260 |
_aBarcelona _bAedos _c1967 |
||
| 300 |
_a502 p ; _c17 cm |
||
| 490 | 0 |
_aBiblioteca biogràfica catalana _v15 |
|
| 650 | 0 | 4 |
_aPeriodistes catalans _vBiografia _93139 |
| 942 |
_cMON _2udc |
||
| 999 |
_c5924 _d5924 |
||